00477nam a2200193Ia 4500003000900000008004100009040001300050040001300063041000800076100002400084245008100108250001400189260001100203260000900214300001100223300001200234490000600246600003100252IT-RoPAU120407s9999 xx 000 0 und d aIT-RoPAU cIT-RoPAU aesp aTheodorich Kampmann aConoscer para educar. Fundamentacion psicologica de la pedagogia. Infancia aBarcelona aHerder c1970 a258 p. c21,5 cm v1 a1. Pedagogia e psicologia